Excavations at Marsa Matṛūḥ /

محفوظ في:

المؤلف الرئيسي: Bates, Oric, 1883-1918 (مؤلف)

التنسيق: كتاب

اللغة: English

منشور في: [Place of publication not identified] : [publisher not identified], [1914].

سلاسل: Harvard African Studies ; 8/2.
HAS ; 8/2.

الموضوعات:

الوسوم: إضافة وسم

لا توجد وسوم, كن أول من يضع وسما على هذه التسجيلة!

رقم الطلب: DT1 .H3 v.8/2

LEADER 00821namaa2200253 4500
001 22807
003 OSt
005 20260315081214.0
008 130303s1914 xx af 000 0 eng d
040 |c ARCE Library 
043 |a f-ua--- 
050 4 |a DT1 .H3 v.8/2 
100 1 |a Bates, Oric,  |d 1883-1918,  |e author 
245 1 0 |a Excavations at Marsa Matṛūḥ /  |c by Oric Bates. 
264 1 |a [Place of publication not identified] :  |b [publisher not identified],  |c [1914]. 
300 |a pages 123-197 :   |b illustrations, plates ;   |c 28 cm. 
490 0 |a Harvard African Studies ;   |v 8/2. 
490 0 |a HAS ;   |v 8/2. 
650 0 |a Excavations (Archaeology)  |z Egypt  |z Marsá Maṭrūḥ. 
651 0 |a Egypt  |x Antiquities. 
651 0 |a Marsá Maṭrūḥ (Egypt)  |x Antiquities. 
901 |a reviewed 
942 |c BK  |2 lcc 
999 |c 22549  |d 22549